Click The Italian Cities On A Map - Statistics

General Stats
  • This quiz has been taken 166 times
  • The average score is 16 of 20
Answers on the Map
Answers color-coded by a green-red scale on the quiz's map according to % correct below.
 
Answer Stats
Answer % Correct
Venice
95%
Naples
94%
Rome
94%
Genoa
92%
Milan
90%
Turin
90%
Trieste
89%
Palermo
86%
Verona
84%
Florence
83%
Bologna
81%
Bari
78%
Sassari
75%
Bolzano
74%
Cagliari
74%
Catania
73%
Taranto
67%
Ancona
66%
Perugia
65%
Pescara
65%
No matching quizzes found
Score Distribution
Percent of People with Each Score
Percentile by Number Answered
Your Score History
You have not taken this quiz